| 000 | 00856nam a2200289 4500 | ||
|---|---|---|---|
| 003 | OSt | ||
| 005 | 20260530115257.0 | ||
| 008 | 260508b2003 xxua|||| |||| 00| 0 eng d | ||
| 020 | _a9063690207 | ||
| 040 |
_aICI _bspa _cICI |
||
| 041 | _aeng | ||
| 050 |
_aNC1002 _bT68 2003 |
||
| 245 | 1 | 0 | _aTotal Identity |
| 264 | 1 |
_aAmsterdam : _bBIS Publishers, _c2003 |
|
| 300 |
_a237 páginas : _bilustraciones a color |
||
| 336 |
_atexto _2rdacontent |
||
| 337 |
_asin medio _2rdamedia |
||
| 338 |
_avolumen _2rdacarrier |
||
| 500 | _aObra ilustrada sobre identidad corporativa y comunicación visual | ||
| 650 | 0 | _aIdentidad corporativa | |
| 650 | 0 |
_aDiseño gráfico _918020 |
|
| 650 | 0 | _aImagen corporativa | |
| 650 | 0 | _aComunicación visual | |
| 650 | 0 |
_aMarcas comerciales _xDiseño _930592 |
|
| 655 | 7 |
_2local _aLibros ilustrados |
|
| 942 |
_2lcc _cBK _n1 |
||
| 999 |
_c12641 _d12641 |
||